Statistics for States by Number of 100k+ Cities

Click here to take the quiz!

General Stats

  • This quiz has been taken 41 times
  • The average score is 27 of 50

Answers on the Map

Answers color-coded by a green-red scale on the quiz's map according to % correct below.
 

Answer Stats

HintAnswer% Correct
76California
100%
25Florida
100%
41Texas
100%
13Colorado
65%
1Alaska
62%
10Arizona
62%
9North Carolina
62%
10Washington
62%
6Ohio
59%
0Wyoming
59%
1Arkansas
56%
8Georgia
56%
9Virginia
56%
4Alabama
53%
1Hawaii
53%
0Maine
53%
1North Dakota
53%
1South Dakota
53%
6Tennessee
53%
0Delaware
50%
3Idaho
50%
8Illinois
50%
3Iowa
50%
9Massachusetts
50%
8Michigan
50%
6Missouri
50%
2Nebraska
50%
9Nevada
50%
1New Hampshire
50%
5New Jersey
50%
5New York
50%
0Vermont
50%
3Wisconsin
50%
5Connecticut
47%
2Kentucky
47%
2Maryland
47%
3Minnesota
47%
1Mississippi
47%
1Montana
47%
3New Mexico
47%
5Oregon
47%
3Pennsylvania
47%
3South Carolina
47%
4Utah
47%
0West Virginia
47%
4Indiana
44%
5Louisiana
44%
4Oklahoma
44%
1Rhode Island
44%
5Kansas
41%

Score Distribution

Percentile by Number Answered

Percent of People with Each Score

Your Score History

You have not taken this quiz